Statistiques concernant Quiz Rayan

Cliquez ici pour prendre le quiz!

Statistiques générales

  • Ce quiz a été pris 9 fois
  • Le résultat moyen est 34 sur 45

Statistiques - réponses

PaysCapitale% Correct
EthiopieAddis-Abeba
100%
AlgérieAlger
100%
MaliBamako
100%
EgypteLe Caire
100%
Afrique du Sud (législative)Le Cap
100%
MarocRabat
100%
LibyeTripoli
100%
TunisieTunis
100%
CamerounYaoundé
100%
GhanaAccra
88%
MadagascarAntananarivo
88%
République CentrafricaineBangui
88%
GuinéeConakry
88%
SénégalDakar
88%
Sierra LeoneFreetown
88%
ZimbabweHarare
88%
SoudanKhartoum
88%
AngolaLuanda
88%
KenyaNairobi
88%
MauritanieNouakchott
88%
Burkina FasoOuagadougou
88%
Guinée-BissauBissau
75%
République du CongoBrazzaville
75%
GabonLibreville
75%
TogoLomé
75%
SomalieMogadiscio
75%
LibériaMonrovia
75%
NigerNiamey
75%
Sao Tomé-et-PrincipéSao Tomé
75%
NamibieWindhoek
75%
NigeriaAbuja
63%
ErythréeAsmara
63%
ZambieLusaka
63%
BéninPorto-Novo
63%
Cote d'IvoireAbidjan
50%
GambieBanjul
50%
BotswanaGaborone
50%
OugandaKampala
50%
RwandaKigali
50%
MalawiLilongwe
50%
MozambiqueMaputo
50%
TchadNdjamena
50%
Afrique du Sud (administrative)Pretoria
50%
TanzanieDar-es-Salam
25%
BurundiBujumbura
13%

Distribution des résultats

Percentile par nombre de réponses

% des personnes avec chaque résultat

Votre développement - résultats

Vous n’avez pas pris ce quiz